Missing Word: TV KA - KZ Quiz Stats

 Plays Quiz Updated Jun 25, 2019

Score 0/20 Timer 04:00
1 Play Today
TV Show Answer % Correct
Kung ___ (F)Fu
98.5%
(The) King Is ___ (D)Dead
96.5%
Knight ___ (R)Rider
94.3%
(The) King of ___ (Q)Queens
93.8%
King of the ___ (H)Hill
93.6%
Keeping Up with the ___ (K)Kardashians
93.3%
Kirby: Right Back at ___! (Y)Ya
86.8%
Knots ___ (L)Landing
85%
Key ___ (W)West
81.8%
Killing ___ (E)Eve
81.5%
TV Show Answer % Correct
King of the ___ (J)Jungle
80.8%
Kickin' ___ (I)It
77.4%
Kim ___ (P)Possible
76.8%
Keeping Up ___ (A)Appearances
73.7%
Kitchen ___ (N)Nightmares
65.2%
Kourtney and Kim Take ___ (M)Miami
43.6%
Kyle ___ (X)XY
37.2%
Kendra on ___ (T)Top
33.1%
Krypto the ___ (S)Superdog
27.4%
Knights of the ___ (Z)Zodiac
12.1%

Today's Daily Dose

Missing Word
1973 Rock Albums

Word Ladder
Chores

You're not logged in!

Compare scores with friends on all Sporcle quizzes.
OR
Log In

Show Comments

Extras

Top Quizzes Today


Score Distribution

Your Account Isn't Verified!

In order to create a playlist on Sporcle, you need to verify the email address you used during registration. Go to your Sporcle Settings to finish the process.

Report this User

Report this user for behavior that violates our Community Guidelines.

Details: